| 000 | 00602nam a2200193 4500 | ||
|---|---|---|---|
| 003 | OSt | ||
| 005 | 20260601171008.0 | ||
| 008 | 260505b\\\\\\\\||||||||\||||\00|\0\spa\d | ||
| 040 |
_aICI _bspa _cICI |
||
| 050 |
_aHC79.C63 _bP76 |
||
| 100 | 1 |
_aPDHL * PNUD • UNOPS. / Rep de CUBA _932661 |
|
| 245 | 1 |
_aPrograma para el Desarrollo Humano a Nivel Local • Cuba _cPDHL * PNUD • UNOPS. |
|
| 264 |
_bMinisterio para la Inversión Extranjera _c1990 _aCuba |
||
| 300 | _a60 páginas | ||
| 336 |
_atexto _2rdacontent |
||
| 337 |
_asin medio _2rdamedia |
||
| 338 |
_avolumen _2rdacarrier |
||
| 942 |
_2ddc _cB _n1 |
||
| 999 |
_c20383 _d20383 |
||